000 00935cam a22002654a 4500
001 12121513
005 20180312045905.0
008 000728s2001 ncua b 001 0 eng
010 _a 00061748
020 _a0822326566 (cloth : alk. paper)
020 _a0822326450 (pbk. : alk. paper)
040 _aDLC
_cDLC
_dDLC
041 _aeng
042 _apcc
043 _an-us---
080 _a302.2345008 ani
082 0 0 _a302.2345008 ani
_221
100 1 _a40
101 _amed
245 1 0 _aGroove tube :
_cAniko Bodroghkozy.
504 _aIncludes bibliographical references (p. [303]-309) and index.
906 _a7
_bcbc
_corignew
_d1
_eocip
_f20
_gy-gencatlg
942 _2ddc
_cBK
999 _c44682
_d44682